[Recenzia na prácu Analýzy na akciových trhoch]

Recenzia na publikáciu, ktorá sa zaoberá analýzami na akciových trhoch, a to fundamentálnou analýzou, odvetvovou analýzou, technickou analýzou a psychologickou analýzou.

Guardado en:
Detalles Bibliográficos
Autor principal: Pavlát, Vladislav
Formato: Capítulo de libro
Lenguaje:checo
Materias:
Etiquetas: Agregar Etiqueta
Sin Etiquetas, Sea el primero en etiquetar este registro!

MARC

LEADER 00000nla a2200000 4500
001 0236462
005 20260205070457.2
041 0 |a cze 
044 |a SK 
245 1 0 |a [Recenzia na prácu Analýzy na akciových trhoch]  |c Vladislav Pavlát 
520 |a Recenzia na publikáciu, ktorá sa zaoberá analýzami na akciových trhoch, a to fundamentálnou analýzou, odvetvovou analýzou, technickou analýzou a psychologickou analýzou. 
610 2 0 |a recenzie 
610 2 0 |a trh akciový 
610 2 0 |a analýza technická 
610 2 0 |a analýza fundamentálna 
100 1 |a Pavlát, Vladislav